[Event "BCF-chT3W 2223 (4NCL)"]
[Site "England"]
[Date "2023.03.19"]
[Round "8.52"]
[White "Smith, Graham M"]
[Black "Mossong, Hubert"]
[Result "1-0"]
[WhiteElo "1870"]
[BlackElo "2042"]
[PlyCount "101"]
[EventDate "2022.10.22"]
[EventType "team-tourn"]
[EventRounds "11"]
[EventCountry "ENG"]
[SourceTitle "EXT 2024"]
[Source "ChessBase"]
[SourceDate "2023.10.10"]
[SourceVersion "1"]
[SourceVersionDate "2023.10.10"]
[SourceQuality "1"]
[WhiteTeam "MK Phoenix II"]
[BlackTeam "Ashfield"]
[WhiteTeamCountry "ENG"]
[BlackTeamCountry "ENG"]

1. e4 d6 2. d4 Nf6 3. Nc3 c6 4. Nf3 Bg4 5. h3 Bh5 6. g4 Bg6 7. Qe2 Qa5 8. Bd2 e5 9. h4 h5 10. g5 Nfd7 11. Bh3 Qb6 12. dxe5 dxe5 13. 0-0-0 Be7 14. Be3 Qc7 15. Qc4 0-0 16. Nb5 Qa5 17. Bxd7 Nxd7 18. Rxd7 cxb5 19. Qd5 Qb4 20. Nd2 Rfe8 21. f3 b6 22. a3 Qa4 23. Rxe7 b4 24. Rxe8+ Rxe8 25. Qb3 Qb5 26. Qc4 Qd7 27. Qxb4 Rc8 28. Qb3 Kh7 29. Kb1 b5 30. Qd3 Qc7 31. Rc1 a6 32. c4 f6 33. Rc3 Rd8 34. cxb5 Qe7 35. Qc2 axb5 36. Rc7 Rd7 37. Rxd7 Qxd7 38. gxf6 gxf6 39. Nb3 f5 40. Nc5 Qf7 41. Qd3 fxe4 42. fxe4 Qf3 43. Bg5 Qxd3+ 44. Nxd3 Bxe4 45. Kc2 Kg6 46. Kd2 Kf5 47. Ke3 Bc6 48. Nc5 Be8 49. b3 Bc6 50. a4 bxa4 51. bxa4 1-0

[Event "BCF-chT3S 1819 (4NCL) Demotion pool"]
[Site "England"]
[Date "2019.05.05"]
[Round "10.53"]
[White "Jones, Christopher M"]
[Black "Mossong, Hubert"]
[Result "1/2-1/2"]
[WhiteElo "2113"]
[BlackElo "2066"]
[PlyCount "77"]
[EventDate "2019.04.14"]
[EventType "team-tourn"]
[EventRounds "11"]
[EventCountry "ENG"]
[SourceTitle "EXT 2021"]
[Source "ChessBase"]
[SourceDate "2020.10.23"]
[SourceVersion "1"]
[SourceVersionDate "2020.10.23"]
[SourceQuality "1"]
[WhiteTeam "The Rookies"]
[BlackTeam "Leeds University Old Boys"]
[WhiteTeamCountry "ENG"]
[BlackTeamCountry "ENG"]

1. e4 d6 2. d4 Nf6 3. Nc3 c6 4. f4 Qa5 5. Bd3 e5 6. Nf3 Bg4 7. dxe5 dxe5 8. 0-0 Nbd7 9. h3 Bxf3 10. Qxf3 Bd6 11. f5 h6 12. a3 0-0 13. Kh1 Be7 14. Be3 Nh7 15. Ne2 Bg5 16. Bf2 Qd8 17. Rad1 Qe7 18. Bc4 Rad8 19. b4 Nb6 20. Bd3 Na4 21. Rb1 Rd7 22. Rb3 Rfd8 23. Nc3 Nb6 24. a4 Bd2 25. a5 Nc8 26. Rfb1 Bxc3 27. Rxc3 a6 28. Rc5 Nd6 29. Bg3 f6 30. Rb3 Nb5 31. Bc4+ Kh8 32. Bxb5 cxb5 33. h4 Rd4 34. Bf2 R4d7 35. Rbc3 Nf8 36. Kh2 Qf7 37. Rc8 Qe8 38. Rxd8 Qxd8 39. Bb6 1/2-1/2

[Event "BCF-chT3Sa 1819 (4NCL)"]
[Site "England"]
[Date "2019.02.10"]
[Round "6.33"]
[White "Okhai, Shabir"]
[Black "Mossong, Hubert"]
[Result "0-1"]
[WhiteElo "2092"]
[BlackElo "2062"]
[PlyCount "104"]
[EventDate "2018.11.17"]
[EventType "team-tourn"]
[EventRounds "7"]
[EventCountry "ENG"]
[SourceTitle "EXT 2021"]
[Source "ChessBase"]
[SourceDate "2020.10.23"]
[SourceVersion "1"]
[SourceVersionDate "2020.10.23"]
[SourceQuality "1"]
[WhiteTeam "Fermented Sharks"]
[BlackTeam "Leeds University Old Boys"]
[WhiteTeamCountry "ENG"]
[BlackTeamCountry "ENG"]

1. e4 d6 2. d4 Nf6 3. Nc3 c6 4. Nf3 Bg4 5. h3 Bh5 6. g4 Bg6 7. Qe2 Nbd7 8. h4 h5 9. g5 Nh7 10. Bh3 e6 11. d5 e5 12. Be3 cxd5 13. exd5 Be7 14. Qb5 Qc7 15. Qa4 Nhf8 16. Nb5 Qc8 17. Qb4 Qb8 18. Qc3 Bd8 19. Qa3 Be7 20. Bxa7 Qc8 21. Qe3 Qc4 22. a4 Rc8 23. c3 f5 24. Bg2 f4 25. Qd2 Nc5 26. Bxc5 Qxc5 27. 0-0 Nd7 28. Rfe1 Nb6 29. b3 0-0 30. c4 Rce8 31. Bh3 Bf5 32. Bxf5 Rxf5 33. Qd3 Qc8 34. a5 Na8 35. a6 bxa6 36. Rxa6 Rf7 37. Rea1 Qg4+ 38. Kf1 Nb6 39. Rxb6 Bd8 40. Rxd6 e4 41. Qe2 Rfe7 42. Nfd4 f3 43. Qe3 Qg2+ 44. Ke1 Qg1+ 45. Kd2 Qxa1 46. Nc6 Ba5+ 47. b4 Qb2+ 48. Kd1 Qb1+ 49. Qc1 Qxc1+ 50. Kxc1 e3 51. Nxe7+ Rxe7 52. bxa5 exf2 0-1

[Event "BCF-chT3Sa 1819 (4NCL)"]
[Site "England"]
[Date "2019.02.09"]
[Round "5.23"]
[White "Mossong, Hubert"]
[Black "Richmond, Peter A"]
[Result "1/2-1/2"]
[WhiteElo "2062"]
[BlackElo "2083"]
[PlyCount "74"]
[EventDate "2018.11.17"]
[EventType "team-tourn"]
[EventRounds "7"]
[EventCountry "ENG"]
[SourceTitle "EXT 2021"]
[Source "ChessBase"]
[SourceDate "2020.10.23"]
[SourceVersion "1"]
[SourceVersionDate "2020.10.23"]
[SourceQuality "1"]
[WhiteTeam "Leeds University Old Boys"]
[BlackTeam "Check Innmates"]
[WhiteTeamCountry "ENG"]
[BlackTeamCountry "ENG"]

1. e4 c6 2. d4 d5 3. e5 Bf5 4. Nc3 h5 5. Bd3 Bxd3 6. Qxd3 e6 7. Nf3 Ne7 8. Nd1 Nf5 9. c3 Nd7 10. Bg5 Be7 11. Qd2 Bxg5 12. Nxg5 c5 13. Nf3 cxd4 14. cxd4 Rc8 15. 0-0 Nb6 16. b3 g6 17. Ne3 Nxe3 18. Qxe3 Kf8 19. Rac1 Kg7 20. Qd2 Qe7 21. Qa5 Rxc1 22. Rxc1 Rc8 23. Rc5 Rxc5 24. Qxc5 Qxc5 25. dxc5 Nd7 26. b4 a6 27. Kf1 f6 28. exf6+ Kxf6 29. Ke2 e5 30. Nd2 a5 31. a3 axb4 32. axb4 Ke6 33. Kd3 e4+ 34. Ke3 Ne5 35. f3 Nd3 36. fxe4 Nxb4 37. exd5+ Nxd5+ 1/2-1/2

[Event "EU-Cup 34th"]
[Site "Porto Carras"]
[Date "2018.10.17"]
[Round "6.2"]
[White "Hewitt, William"]
[Black "Mossong, Hubert"]
[Result "0-1"]
[WhiteElo "2015"]
[BlackElo "2076"]
[PlyCount "62"]
[EventDate "2018.10.12"]
[EventType "team-swiss"]
[EventRounds "7"]
[EventCountry "GRE"]
[SourceTitle "CBM 187"]
[Source "ChessBase"]
[SourceDate "2018.12.11"]
[SourceVersion "1"]
[SourceVersionDate "2018.12.11"]
[SourceQuality "1"]
[WhiteTeam "White Knights"]
[BlackTeam "Dudelange"]
[WhiteTeamCountry "WLS"]
[BlackTeamCountry "LUX"]

1. e4 c5 2. Nf3 Nc6 3. d4 cxd4 4. Nxd4 e5 5. Nb5 d6 6. c4 Be7 7. N1c3 a6 8. Na3 Nf6 9. Be2 0-0 10. 0-0 Be6 11. Nc2 Ne8 12. b3 g6 13. Bh6 Ng7 14. Qd2 f5 15. f4 exf4 16. exf5 Bxf5 17. Bxf4 Bf6 18. Rac1 Be5 19. Nd5 Ne6 20. Bxe5 dxe5 21. Qe3 Ned4 22. Bd3 Bxd3 23. Rxf8+ Qxf8 24. Qxd3 Qf5 25. Qd2 Rf8 26. Nce3 Qg5 27. Kh1 Nf5 28. Rd1 Ncd4 29. Qd3 Nxe3 30. Nxe3 Rf2 31. Qe4 Re2 0-1

[Event "EU-Cup 34th"]
[Site "Porto Carras"]
[Date "2018.10.16"]
[Round "5.2"]
[White "Mossong, Hubert"]
[Black "Kristensen, Kaare Hove"]
[Result "1/2-1/2"]
[WhiteElo "2076"]
[BlackElo "2347"]
[PlyCount "86"]
[EventDate "2018.10.12"]
[EventType "team-swiss"]
[EventRounds "7"]
[EventCountry "GRE"]
[SourceTitle "CBM 187"]
[Source "ChessBase"]
[SourceDate "2018.12.11"]
[SourceVersion "1"]
[SourceVersionDate "2018.12.11"]
[SourceQuality "1"]
[WhiteTeam "Dudelange"]
[BlackTeam "Nordkalotten"]
[WhiteTeamCountry "LUX"]
[BlackTeamCountry "DEN"]

1. e4 c5 2. Nc3 g6 3. g3 Bg7 4. Bg2 Nc6 5. d3 d6 6. Be3 e5 7. Qd2 Nge7 8. Nge2 0-0 9. 0-0 Nd4 10. f4 Bg4 11. h3 Nxe2+ 12. Nxe2 Be6 13. c4 Qd7 14. Kh2 Rad8 15. Rf2 b5 16. Rc1 f5 17. b3 fxe4 18. dxe4 bxc4 19. bxc4 Nc6 20. f5 Bf7 21. g4 Rfe8 22. Ng3 Qc7 23. Bh6 Rb8 24. f6 Bxh6 25. Qxh6 Be6 26. Nf5 Rb7 27. Ng7 Qf7 28. Nxe8 Qxe8 29. Bf1 Rf7 30. Rb1 Qd8 31. g5 Qa5 32. Rfb2 Nb4 33. Qh4 Qa6 34. Qf2 Rd7 35. Rc1 Kf7 36. h4 Qa3 37. Qd2 Qf3 38. Bg2 Qg4 39. Rc3 Qxh4+ 40. Kg1 Nc6 41. Qe3 Qg4 42. Qg3 Qxg3 43. Rxg3 Bxc4 1/2-1/2

[Event "BCF-chT3S 1718 (4NCL) Demotion pool"]
[Site "England"]
[Date "2018.05.06"]
[Round "10.73"]
[White "Staniforth, Matthew"]
[Black "Mossong, Hubert"]
[Result "0-1"]
[WhiteElo "1866"]
[BlackElo "2085"]
[PlyCount "76"]
[EventDate "2017.11.11"]
[EventType "team-tourn"]
[EventRounds "11"]
[EventCountry "ENG"]
[SourceTitle "EXT 2020"]
[Source "ChessBase"]
[SourceDate "2019.10.17"]
[SourceVersion "1"]
[SourceVersionDate "2019.10.17"]
[SourceQuality "1"]
[WhiteTeam "West is Best III"]
[BlackTeam "Leeds University Old Boys"]
[WhiteTeamCountry "WLS"]
[BlackTeamCountry "ENG"]

1. d4 d6 2. e4 Nf6 3. Nc3 c6 4. f4 Qa5 5. e5 Ne4 6. Qf3 d5 7. Bd3 g6 8. Bxe4 dxe4 9. Qxe4 Bf5 10. Qe2 Na6 11. g4 Be6 12. Nh3 h5 13. Ng5 Bxg4 14. Qc4 e6 15. Bd2 Be7 16. h3 Bf5 17. 0-0-0 Nb4 18. Nge4 b5 19. Qb3 Qb6 20. Be3 a5 21. a4 0-0 22. Rd2 h4 23. Nc5 Rfd8 24. Rhd1 Rab8 25. Bf2 Kg7 26. d5 Bxc5 27. Bxh4 Rd7 28. Bf6+ Kh7 29. Nxb5 Be3 30. Kb1 cxb5 31. d6 Rc8 32. Rc1 Qc5 33. Re2 Nxc2 34. Rcxc2 Bxc2+ 35. Rxc2 Qxc2+ 36. Qxc2 Rxc2 37. Kxc2 bxa4 38. Bg5 Bd4 0-1

[Event "BCF-chT3Sa 1718 (4NCL)"]
[Site "England"]
[Date "2018.02.11"]
[Round "6.23"]
[White "Rich, Mark"]
[Black "Mossong, Hubert"]
[Result "1/2-1/2"]
[WhiteElo "2067"]
[BlackElo "2085"]
[PlyCount "96"]
[EventDate "2017.11.11"]
[EventType "team-tourn"]
[EventRounds "11"]
[EventCountry "ENG"]
[SourceTitle "EXT 2020"]
[Source "ChessBase"]
[SourceDate "2019.10.17"]
[SourceVersion "1"]
[SourceVersionDate "2019.10.17"]
[SourceQuality "1"]
[WhiteTeam "Cambridge University II"]
[BlackTeam "Leeds University Old Boys"]
[WhiteTeamCountry "ENG"]
[BlackTeamCountry "ENG"]

1. e4 c5 2. Nc3 Nc6 3. f4 g6 4. Nf3 Bg7 5. Bb5 Nd4 6. 0-0 a6 7. Bd3 e6 8. Nxd4 cxd4 9. Ne2 d5 10. e5 Qb6 11. Qe1 Ne7 12. b3 Nc6 13. Ba3 Bd7 14. Qh4 Qd8 15. Qf2 Qb6 16. Bb2 Bf8 17. c3 Be7 18. Kh1 h5 19. Nxd4 Nxd4 20. cxd4 0-0-0 21. Rfc1+ Kb8 22. Be2 Rc8 23. Qe3 Rxc1+ 24. Rxc1 Rc8 25. Rxc8+ Kxc8 26. g3 Kb8 27. Bc3 Qc7 28. Bd3 a5 29. Qe2 Qb6 30. Qd1 Ka7 31. Kg2 Bb5 32. Bxb5 Qxb5 33. Qf1 Ka6 34. Qxb5+ Kxb5 35. a4+ Ka6 36. h3 b5 37. Kf3 Kb6 38. g4 Bh4 39. d3 b4 40. Bd2 hxg4+ 41. hxg4 Be7 42. Be1 Kc6 43. Kg2 Kd7 44. Kh3 Bd8 45. Bh4 Bb6 46. Bf2 Bd8 47. Kg3 Bc7 48. Be3 Bd8 1/2-1/2

[Event "BCF-chT3Sd 1516 (4NCL)"]
[Site "England"]
[Date "2016.05.01"]
[Round "10.99"]
[White "Lambourne, Daniel M"]
[Black "Mossong, Hubert"]
[Result "0-1"]
[WhiteElo "2006"]
[BlackElo "2039"]
[PlyCount "140"]
[EventDate "2016.03.20"]
[EventType "team-swiss"]
[EventRounds "11"]
[EventCountry "ENG"]
[SourceTitle "EXT 2017"]
[Source "ChessBase"]
[SourceDate "2016.10.25"]
[SourceVersion "1"]
[SourceVersionDate "2016.10.25"]
[SourceQuality "1"]
[WhiteTeam "MK Phoenix II"]
[BlackTeam "Leeds University Old Boys"]
[WhiteTeamCountry "ENG"]
[BlackTeamCountry "ENG"]

1. c4 g6 2. g3 Bg7 3. Bg2 Nc6 4. Nf3 e5 5. Nc3 Nge7 6. d3 0-0 7. 0-0 h6 8. e3 d6 9. d4 Bg4 10. d5 Na5 11. Qd3 b6 12. Ne1 Nb7 13. f3 Bd7 14. Rb1 a5 15. Nc2 f5 16. e4 Nc5 17. Qe2 f4 18. Ne1 g5 19. Nd3 Nxd3 20. Qxd3 Ng6 21. Ne2 Qe7 22. Kf2 h5 23. Ng1 Rf7 24. Ke2 Raf8 25. Bd2 g4 26. Kd1 h4 27. fxg4 Bxg4+ 28. Kc2 hxg3 29. hxg3 Qd7 30. b3 Bf6 31. gxf4 exf4 32. Bxf4 Bg7 33. Bg3 Rxf1 34. Rxf1 Rxf1 35. Qxf1 Qe7 36. Ne2 Qg5 37. Bf4 Qf6 38. Bf3 Nxf4 39. Bxg4 Qb2+ 40. Kd1 Qa1+ 41. Nc1 Qd4+ 42. Kc2 Qxe4+ 43. Nd3 Nxd5 44. Qf3 Nb4+ 45. Kd2 Qxf3 46. Bxf3 Nxa2 47. Bd5+ Kf8 48. Nf4 Bh6 49. Ke3 Nc1 50. Ke4 Bxf4 51. Kxf4 Nxb3 52. Bc6 Nc5 53. Ke3 Ke7 54. Kd2 Ke6 55. Kc3 Ke5 56. Be8 d5 57. cxd5 Kxd5 58. Bf7+ Kd6 59. Kc4 c6 60. Bh5 b5+ 61. Kc3 Ne4+ 62. Kb3 c5 63. Be8 c4+ 64. Kb2 Kc5 65. Bd7 b4 66. Ba4 Kd4 67. Kc2 Nc5 68. Be8 a4 69. Bg6 a3 70. Kb1 b3 0-1

[Event "BCF-chT3Sa 1516 (4NCL)"]
[Site "England"]
[Date "2015.11.15"]
[Round "2.56"]
[White "Brown, Thomas"]
[Black "Mossong, Hubert"]
[Result "1-0"]
[WhiteElo "2056"]
[BlackElo "2051"]
[PlyCount "75"]
[EventDate "2015.11.14"]
[EventType "team-swiss"]
[EventRounds "7"]
[EventCountry "ENG"]
[SourceTitle "CBM 169 Extra"]
[Source "ChessBase"]
[SourceDate "2015.12.18"]
[SourceVersion "1"]
[SourceVersionDate "2015.12.18"]
[SourceQuality "1"]

1. d4 d6 2. c4 e5 3. Nc3 c6 4. Nf3 Qc7 5. Qc2 Bg4 6. e3 Nf6 7. Bd3 Be7 8. Ng5 h6 9. Nge4 Nbd7 10. Ng3 a6 11. Bd2 0-0 12. 0-0 b5 13. cxb5 cxb5 14. Rac1 Rfc8 15. Qb3 Qb6 16. Nge2 Be6 17. Qd1 Qb7 18. b3 Nb6 19. Ng3 b4 20. Nce2 a5 21. e4 d5 22. Rxc8+ Rxc8 23. dxe5 Nxe4 24. Nd4 Nxd2 25. Qxd2 Nd7 26. Qe2 Qc7 27. Nxe6 fxe6 28. f4 Nf8 29. Kh1 Bh4 30. Nh5 Qf7 31. Qg4 Be7 32. f5 Bg5 33. h4 Rc3 34. fxe6 Qe8 35. hxg5 Rxd3 36. gxh6 Ng6 37. Rf7 Qd8 38. Nf6+ 1-0

[Event "Francophone-ch 3rd"]
[Site "Montreal"]
[Date "2015.07.24"]
[Round "8"]
[White "Zhong, Wenxuan"]
[Black "Mossong, Hubert"]
[Result "1/2-1/2"]
[WhiteElo "1604"]
[BlackElo "2086"]
[PlyCount "179"]
[EventDate "2015.07.17"]
[EventType "swiss"]
[EventRounds "9"]
[EventCountry "CAN"]
[SourceTitle "EXT 2016"]
[Source "ChessBase"]
[SourceDate "2015.10.08"]
[SourceVersion "1"]
[SourceVersionDate "2015.10.08"]
[SourceQuality "1"]

1. e4 c5 2. Nf3 Nc6 3. d4 cxd4 4. Nxd4 e5 5. Nb5 d6 6. N1c3 a6 7. Na3 Be6 8. Nc4 Rc8 9. Ne3 Nf6 10. Be2 Be7 11. 0-0 0-0 12. Kh1 Qd7 13. Ncd5 Bxd5 14. exd5 Nb8 15. c3 g6 16. Nc4 Qc7 17. f4 Nfd7 18. Be3 Bf6 19. fxe5 Bxe5 20. Nxe5 Nxe5 21. Bh6 Rfe8 22. Qd2 Nbd7 23. Qf4 f6 24. Bg4 f5 25. Bh3 Qc4 26. Qg3 Qd3 27. Qxd3 Nxd3 28. g4 f4 29. Bxf4 Nxf4 30. Rxf4 g5 31. Rf5 Re5 32. Raf1 Rce8 33. Bg2 Rxf5 34. Rxf5 Re5 35. Kg1 Rxf5 36. gxf5 Kg7 37. Kf2 Kf6 38. Kg3 h5 39. h4 b6 40. hxg5+ Kxg5 41. Bf1 a5 42. b4 Nf6 43. bxa5 bxa5 44. Bg2 Kxf5 45. Bf3 Ne4+ 46. Kg2 Nxc3 47. Bxh5 Nxa2 48. Kf3 Nb4 49. Ke3 Ke5 50. Bf3 a4 51. Kd2 Kd4 52. Kc1 Kc3 53. Kb1 a3 54. Bg2 Kb3 55. Be4 a2+ 56. Ka1 Ka3 57. Bd3 Nxd5 58. Bg6 Nb4 59. Bf5 d5 60. Be4 d4 61. Bg6 Kb3 62. Bf7+ Kc3 63. Bg6 Kb3 64. Bf7+ Ka3 65. Bb3 d3 66. Bd1 Nd5 67. Bc2 d2 68. Bb3 Nc3 69. Bc2 Kb4 70. Kb2 Kc4 71. Bb3+ Kd3 72. Bc2+ Ke2 73. Bb3 Ke1 74. Bc2 Ke2 75. Bb3 Kd3 76. Bc2+ Kc4 77. Bb3+ Kb4 78. Ka1 Ka3 79. Bc2 Na4 80. Bb3 Nb2 81. Bd1 Nd3 82. Bb3 Nc1 83. Bc2 Kb4 84. Kb2 Kc4 85. Ka1 Kc3 86. Bd1 Kd3 87. Kb2 Kd4 88. Bc2 Kc4 89. Ka1 Kc3 90. Bd1 1/2-1/2

[Event "Francophone-ch 3rd"]
[Site "Montreal"]
[Date "2015.07.23"]
[Round "7"]
[White "Mossong, Hubert"]
[Black "Zouaoui, Mohamed"]
[Result "1/2-1/2"]
[WhiteElo "2086"]
[BlackElo "1807"]
[PlyCount "88"]
[EventDate "2015.07.17"]
[EventType "swiss"]
[EventRounds "9"]
[EventCountry "CAN"]
[SourceTitle "EXT 2016"]
[Source "ChessBase"]
[SourceDate "2015.10.08"]
[SourceVersion "1"]
[SourceVersionDate "2015.10.08"]
[SourceQuality "1"]

1. e4 g6 2. d4 Bg7 3. c4 c5 4. d5 e5 5. Be3 d6 6. Nc3 Nd7 7. Bd3 Ndf6 8. f3 Nh5 9. Nge2 f5 10. exf5 gxf5 11. Qc2 e4 12. fxe4 f4 13. Nxf4 Nxf4 14. Bxf4 Nh6 15. 0-0-0 0-0 16. Rhf1 Ng4 17. g3 Ne5 18. Be2 a6 19. Bxe5 Bxe5 20. Rxf8+ Qxf8 21. Rf1 Qh6+ 22. Qd2 Qg6 23. Bd3 Bh3 24. Rf2 Qg7 25. Ne2 b5 26. Nf4 Bd7 27. Qa5 b4 28. Qc7 a5 29. Kb1 a4 30. Ne6 Bxe6 31. Qxg7+ Kxg7 32. dxe6 Re8 33. Bf1 Rxe6 34. Bh3 Re7 35. Bf5 a3 36. b3 Rf7 37. Kc2 h5 38. Kd3 Kh6 39. Ke2 Kg5 40. Kf3 h4 41. Rg2 hxg3 42. hxg3 Rf8 43. Rh2 Rh8 44. Rxh8 Bxh8 1/2-1/2

[Event "Francophone-ch 3rd"]
[Site "Montreal"]
[Date "2015.07.22"]
[Round "6"]
[White "Sambuev, Bator"]
[Black "Mossong, Hubert"]
[Result "1-0"]
[WhiteElo "2532"]
[BlackElo "2086"]
[PlyCount "73"]
[EventDate "2015.07.17"]
[EventType "swiss"]
[EventRounds "9"]
[EventCountry "CAN"]
[SourceTitle "EXT 2016"]
[Source "ChessBase"]
[SourceDate "2015.10.08"]
[SourceVersion "1"]
[SourceVersionDate "2015.10.08"]
[SourceQuality "1"]

1. d4 d6 2. e4 Nf6 3. Nc3 c6 4. g3 Qc7 5. Bg2 e5 6. Nge2 Be7 7. 0-0 0-0 8. a4 a5 9. h3 Be6 10. f4 Na6 11. d5 Qb6+ 12. Kh1 cxd5 13. exd5 Bd7 14. g4 Ne8 15. f5 Bh4 16. Ne4 Nc5 17. Be3 Qc7 18. Nxc5 dxc5 19. Nc3 Nd6 20. Ne4 Nxe4 21. Bxe4 Be7 22. g5 g6 23. c4 Bd6 24. Qc2 Kg7 25. Rf3 Ra6 26. Raf1 Qc8 27. h4 Bb8 28. f6+ Kh8 29. h5 Bg4 30. hxg6 Bxf3+ 31. Rxf3 fxg6 32. Kg2 Qe8 33. Rh3 Kg8 34. Bxc5 Bd6 35. Bxd6 Rxd6 36. c5 Rd7 37. d6 1-0

[Event "EU Small Countries ol 4th"]
[Site "Saint Peter Port"]
[Date "2015.04.25"]
[Round "9.2"]
[White "Brookfield, Toby"]
[Black "Mossong, Hubert"]
[Result "1/2-1/2"]
[WhiteElo "1877"]
[BlackElo "2098"]
[PlyCount "67"]
[EventDate "2015.04.19"]
[EventType "team-tourn"]
[EventRounds "9"]
[EventCountry "GCI"]
[SourceTitle "CBM 166 Extra"]
[Source "ChessBase"]
[SourceDate "2015.06.18"]
[SourceVersion "1"]
[SourceVersionDate "2015.06.18"]
[SourceQuality "1"]
[WhiteTeam "Guernsey"]
[BlackTeam "Luxembourg"]
[WhiteTeamCountry "GCI"]
[BlackTeamCountry "LUX"]

1. e4 c5 2. Nf3 Nc6 3. d4 cxd4 4. Nxd4 e5 5. Nb5 d6 6. N1c3 a6 7. Na3 Be6 8. Nc4 Rc8 9. Be3 Nd4 10. Bxd4 Bxc4 11. Bxc4 Rxc4 12. Be3 h6 13. Qd3 Rc6 14. 0-0 Nf6 15. f3 Be7 16. a4 0-0 17. a5 Qc8 18. Rfd1 Qb8 19. Qe2 Rfc8 20. Rd2 Bd8 21. Kh1 Qc7 22. Bb6 Qe7 23. Na4 Nd7 24. Bxd8 Qxd8 25. Nc3 Nf6 26. g3 Rc5 27. Qd1 R8c6 28. Kg2 Kh7 29. Ra3 Rxa5 30. Rxa5 Qxa5 31. Rxd6 Qb4 32. Rxc6 bxc6 33. Qa1 a5 34. Qa3 1/2-1/2

[Event "EU Small Countries ol 4th"]
[Site "Saint Peter Port"]
[Date "2015.04.22"]
[Round "6.3"]
[White "Mossong, Hubert"]
[Black "Jelic, Dejan"]
[Result "1/2-1/2"]
[WhiteElo "2098"]
[BlackElo "1954"]
[PlyCount "72"]
[EventDate "2015.04.19"]
[EventType "team-tourn"]
[EventRounds "9"]
[EventCountry "GCI"]
[SourceTitle "CBM 166 Extra"]
[Source "ChessBase"]
[SourceDate "2015.06.18"]
[SourceVersion "1"]
[SourceVersionDate "2015.06.18"]
[SourceQuality "1"]
[WhiteTeam "Luxembourg"]
[BlackTeam "Liechtenstein"]
[WhiteTeamCountry "LUX"]
[BlackTeamCountry "LIE"]

1. f4 d5 2. Nf3 Nc6 3. b3 Bg4 4. d4 Nf6 5. e3 e6 6. Bd3 Nb4 7. Be2 Bf5 8. Na3 c5 9. c3 Nc6 10. 0-0 Rc8 11. Bb2 Bd6 12. Ne5 h5 13. Bf3 a6 14. Nxc6 bxc6 15. Nc2 Bxc2 16. Qxc2 Ng4 17. Qe2 Qh4 18. g3 Qh3 19. Rfe1 f5 20. Qg2 Qxg2+ 21. Kxg2 cxd4 22. exd4 Kd7 23. h4 c5 24. Bxg4 hxg4 25. Rac1 cxd4 26. cxd4 Rxc1 27. Rxc1 Rc8 28. Rxc8 Kxc8 29. Bc3 Ba3 30. Kf2 g6 31. Ke2 Kb7 32. Kd2 Kc6 33. Kc2 Kb5 34. Bd2 a5 35. Bc3 a4 36. Bd2 Be7 1/2-1/2

[Event "BCF-chT3 1415 (4NCL)"]
[Site "England"]
[Date "2015.03.21"]
[Round "8.99"]
[White "Lawson, Maurice Elliot"]
[Black "Mossong, Hubert"]
[Result "0-1"]
[WhiteElo "1953"]
[BlackElo "2098"]
[PlyCount "102"]
[EventDate "2015.03.21"]
[EventType "team-swiss"]
[EventRounds "11"]
[EventCountry "ENG"]
[SourceTitle "EXT 2016"]
[Source "ChessBase"]
[SourceDate "2015.10.08"]
[SourceVersion "1"]
[SourceVersionDate "2015.10.08"]
[SourceQuality "1"]
[WhiteTeam "BCM Rhinos II"]
[BlackTeam "Leeds University Old Boys"]
[WhiteTeamCountry "ENG"]
[BlackTeamCountry "ENG"]

1. e4 d6 2. Nc3 c5 3. f4 Nc6 4. Bb5 g6 5. Bxc6+ bxc6 6. d3 Bg7 7. Nf3 Nf6 8. 0-0 0-0 9. Qe1 Bg4 10. Bd2 Nd7 11. Qg3 Bxf3 12. Qxf3 Qb6 13. Rab1 Rab8 14. Kh1 Qa6 15. Qe2 Rfe8 16. f5 Ne5 17. fxg6 hxg6 18. Bf4 Nd7 19. Bd2 Qc8 20. Nd1 Ne5 21. Bc3 Qe6 22. Ne3 Nd7 23. Bxg7 Kxg7 24. Qg4 Qxg4 25. Nxg4 a5 26. Ne3 Rb7 27. b3 Reb8 28. Rf4 a4 29. Rbf1 f6 30. g4 g5 31. Nf5+ Kf7 32. R4f3 Rh8 33. Kg2 Ne5 34. Rh3 Rbb8 35. Rxh8 Rxh8 36. h3 Ng6 37. Rh1 axb3 38. axb3 Ra8 39. Ne3 Ra2 40. Kf3 Ke6 41. Rc1 Ke5 42. Nf5 e6 43. Ng3 d5 44. Re1 Nh4+ 45. Kf2 Rxc2+ 46. Re2 Rxe2+ 47. Kxe2 Ng6 48. exd5 cxd5 49. Nh5 Nf4+ 50. Nxf4 Kxf4 51. d4 cxd4 0-1

[Event "BCF-chT3S 1415 (4NCL)"]
[Site "England"]
[Date "2014.11.15"]
[Round "2.99"]
[White "Leung, Simon CH"]
[Black "Mossong, Hubert"]
[Result "0-1"]
[WhiteElo "1664"]
[BlackElo "2094"]
[PlyCount "55"]
[EventDate "2014.11.15"]
[EventType "team-swiss"]
[EventRounds "6"]
[EventCountry "ENG"]
[SourceTitle "CBM 163 Extra"]
[Source "ChessBase"]
[SourceDate "2014.12.23"]
[SourceVersion "1"]
[SourceVersionDate "2014.12.23"]
[SourceQuality "1"]
[WhiteTeam "Throw in the Tal"]
[BlackTeam "Leeds University Old Boys"]
[WhiteTeamCountry "ENG"]
[BlackTeamCountry "ENG"]

1. e4 c5 2. Nf3 Nc6 3. Bb5 g6 4. Bxc6 dxc6 5. d3 Bg7 6. h3 e5 7. Nc3 Qe7 8. Be3 Nf6 9. Qd2 0-0 10. Bh6 Nh5 11. Ne2 f6 12. g4 Bxh6 13. Qxh6 Ng7 14. Nh4 Be6 15. Ng3 c4 16. 0-0 cxd3 17. cxd3 Rad8 18. Qe3 f5 19. exf5 Qxh4 20. fxe6 Nxe6 21. Ne2 Ng5 22. Qg3 Nf3+ 23. Kg2 Qg5 24. Rad1 Nh4+ 25. Kh2 Rf3 26. Qg1 Rfxd3 27. Rxd3 Rxd3 28. Qg2 0-1

[Event "4NCL-chT rapid"]
[Site "Daventry"]
[Date "2014.10.04"]
[Round "4.2"]
[White "Flear, Glenn C"]
[Black "Mossong, Hubert"]
[Result "1-0"]
[WhiteElo "2462"]
[BlackElo "2094"]
[PlyCount "99"]
[EventDate "2014.10.04"]
[EventType "team-swiss (rapid)"]
[EventRounds "7"]
[EventCountry "ENG"]
[SourceTitle "CBM 162 Extra"]
[Source "ChessBase"]
[SourceDate "2014.10.17"]
[SourceVersion "1"]
[SourceVersionDate "2014.10.17"]
[SourceQuality "1"]
[WhiteTeam "Guildford"]
[BlackTeam "Leeds University Old Boys"]
[WhiteTeamCountry "ENG"]
[BlackTeamCountry "ENG"]

1. d4 d6 2. c4 e5 3. Nc3 c6 4. g3 Be7 5. Bg2 Nf6 6. Bg5 0-0 7. e3 Qc7 8. Nge2 Bf5 9. 0-0 Nbd7 10. h3 h6 11. Bxf6 Nxf6 12. g4 Be6 13. d5 Bd7 14. Ng3 a6 15. Rc1 c5 16. f4 b5 17. g5 hxg5 18. fxe5 Ne8 19. e6 fxe6 20. Rxf8+ Bxf8 21. dxe6 Bc6 22. Nd5 Bxd5 23. Bxd5 Nf6 24. Bxa8 d5 25. Qf3 d4 26. Nf5 g6 27. Ng3 Bg7 28. Bd5 bxc4 29. Bxc4 Kh7 30. e4 Qe5 31. Bd5 Bh6 32. Rxc5 g4 33. hxg4 Be3+ 34. Kg2 Bf4 35. Ne2 Bh6 36. Qg3 Qg5 37. Rc7+ Kh8 38. Rc8+ Kh7 39. Rc7+ Kh8 40. e7 Ne8 41. Rd7 Qd2 42. Qf2 d3 43. Ng3 Qb4 44. b3 Qb5 45. Rd8 Bg7 46. Qf8+ Kh7 47. Bg8+ Kh6 48. Qf4+ g5 49. Rd6+ Nxd6 50. Qxd6+ 1-0